Mecanismos de emisión de partículas finas (PM_10) por erosión eólica en suelos agrícolas de Argentina /
Guardado en:
| Otros Autores: | , , |
|---|---|
| Formato: | Manuscrito |
| Idioma: | Spanish |
| Publicado: |
2017.
|
| Materias: | |
| Acceso en línea: | Texto completo |
| Etiquetas: |
Agregar Etiqueta
Sin Etiquetas, Sea el primero en etiquetar este registro!
|
| LEADER | 01401ntm a22003495a 4500 | ||
|---|---|---|---|
| 001 | EEA.libagro010867 | ||
| 005 | 20170623083034.0 | ||
| 008 | 170531s2017####ag#a#####bm###000#0#spa#d | ||
| 082 | 0 | 4 | |a 040 |2 15 |
| 082 | 0 | 4 | |a 631.45 |2 15 |
| 100 | 1 | |a Avecilla, Fernando. |4 dis | |
| 245 | 1 | 0 | |a Mecanismos de emisión de partículas finas (PM_10) por erosión eólica en suelos agrícolas de Argentina / |c Fernando Avecilla. |
| 260 | |c 2017. | ||
| 300 | |a xvi, 182 h. : |b il. ; |c 30 cm. | ||
| 500 | |a Director de tesis: Daniel Eduardo Buschiazzo; co-dirección: Juan Alberto Galantini. | ||
| 500 | |a "Tesis de Doctor en Agronomía". | ||
| 502 | |a Tesis (doctoral)--Universidad Nacional del Sur. Departamento de Agronomía, 2017. | ||
| 504 | |a Incluye referencias bibliográficas. | ||
| 530 | |a Disponible también en formato digital. | ||
| 650 | 7 | |a Agronomía. |2 unbist | |
| 650 | 7 | |a Suelos. |2 unbist | |
| 650 | 7 | |a Erosión del suelo. |2 unbist | |
| 650 | 7 | |a Degradación de los suelos. |2 unbist | |
| 651 | 7 | |a Argentina. |2 unbist | |
| 653 | |a Agregación | ||
| 653 | |a Erosión eólica | ||
| 653 | |a Emisión PM_10 | ||
| 700 | 1 | |a Buschiazzo, Daniel Eduardo. |4 ths | |
| 700 | 1 | |a Galantini, Juan Alberto. |4 ths | |
| 710 | 2 | |a Universidad Nacional del Sur. |4 dgg | |
| 856 | 4 | 1 | |3 Texto completo |u http://repositoriodigital.uns.edu.ar/handle/123456789/3450 |
| 859 | |a AR-BbBCA |b BIB. AGRONOMIA |h 040 |i B148 2017-1512 |p 126135/017 | ||
